English teams to have qualified for the champions league - Statistics

General Stats
  • This quiz has been taken 737 times
  • The average score is 14 of 17
Answer Stats
Hint Answer % Correct
1956 Manchester United
98%
1971 Arsenal
96%
1999 Chelsea
96%
1964 Liverpool
96%
1968 Manchester City
96%
1961 Tottenham Hotspur
92%
2016 Leicester city
91%
1981 Aston Villa
89%
1978 Nottingham Forest
87%
1963 Everton
86%
1997 Newcastle united
86%
1969 Leeds
82%
1995 Blackburn rovers
79%
1972 Derby
55%
1958 Wolverhampton Wanderers
54%
1962 Ipswich
49%
1960 Burnley
46%
No matching quizzes found
Score Distribution
Percent of People with Each Score
Percentile by Number Answered
Your Score History
You have not taken this quiz